Advance Wars Units - Statistics

General Stats
  • This quiz has been taken 23 times
  • The average score is 20 of 25
Answer Stats
Answer % Correct
Tank
100%
Bomber
95%
Infantry
95%
Mech
89%
Medium Tank
89%
Missile
89%
A-Air
84%
Fighter
84%
Neotank
84%
Recon
84%
Rockets
84%
Artillery
79%
Battleship
79%
T Copter
79%
APC
74%
B Copter
74%
Cruiser
74%
Mega Tank
74%
Submarine
74%
Black Boat
68%
Lander
68%
Black Bomb
63%
Carrier
63%
Piperunner
63%
Stealth Fighter
53%
No matching quizzes found
Score Distribution
Percent of People with Each Score
Percentile by Number Answered
Your Score History
You have not taken this quiz